[Event "Bad Wörishofen op 2012 28th"]
[Site "Bad Wörishofen (2.3.-10.3)"]
[Date "2012.03.03"]
[Round "2.24"]
[White "Melamed, Tetyana"]
[Black "Schweizer, Manfred(59)"]
[Result "1-0"]
[WhiteElo "2332"]
[BlackElo "2004"]
[PlyCount "45"]
[EventDate "2012.03.??"]
[EventType "swiss"]
[EventRounds "9"]
[EventCountry "GER"]
[SourceDate "2013.02.18"]
[WhiteTeam "Magdeburg  Aufbau Elbe SG"]
[BlackTeam "Memmingen Post SV"]

1. e4 d6 2. d4 Nf6 3. Nc3 g6 4. f4 Bg7 5. Nf3 O-O 6. Bd3 Nc6 7. e5 dxe5 8. fxe5
Nh5 9. Be3 Bg4 10. Be2 f6 11. exf6 exf6 12. O-O f5 13. Qd2 f4 14. Bf2 Re8 15.
Rfe1 Kh8 16. Rad1 Bf6 17. d5 Nb4 18. Ng5 Bxg5 19. Bxg4 Ng7 20. Ne4 Be7 21. a3
Na6 22. Bd4 Kg8 23. Qxf4 1-0

[Event "Bad Wörishofen op 2012 28th"]
[Site "Bad Wörishofen (2.3.-10.3)"]
[Date "2012.03.03"]
[Round "2.25"]
[White "Santl, Anton"]
[Black "Friedrich, Norbert(66)"]
[Result "0-1"]
[WhiteElo "2002"]
[BlackElo "2292"]
[PlyCount "69"]
[EventDate "2012.03.??"]
[EventType "swiss"]
[EventRounds "9"]
[EventCountry "GER"]
[SourceDate "2013.02.18"]
[WhiteTeam "München SU"]
[BlackTeam "Waldshut-Tiengen SG"]

1. e4 c5 2. Nf3 g6 3. d3 Bg7 4. g3 Nc6 5. Bg2 e5 6. O-O Nge7 7. Be3 d6 8. c3
O-O 9. h3 f5 10. Bg5 h6 11. Bxe7 Nxe7 12. a4 Be6 13. Nfd2 Qd7 14. Kh2 Rad8 15.
c4 Nc6 16. Nc3 Nb4 17. Qb1 h5 18. Nd5 Bxd5 19. cxd5 f4 20. Nf3 Bh6 21. h4 Qe7
22. Bh3 fxg3+ 23. fxg3 Rf6 24. Qd1 Rdf8 25. Qe2 Kg7 26. Bg2 Qd8 27. Ra3 R6f7
28. Rb3 Rf6 29. Ra1 a6 30. Rb1 Qe7 31. Rd1 R8f7 32. Rf1 Qd8 33. Ra3 Qh8 34. Bh3
Qf8 35. Bg2 0-1

[Event "Bad Wörishofen op 2012 28th"]
[Site "Bad Wörishofen (2.3.-10.3)"]
[Date "2012.03.03"]
[Round "2.27"]
[White "Kuempers, Ulrich"]
[Black "Pfretzschner, Roland"]
[Result "0-1"]
[WhiteElo "1946"]
[BlackElo "2166"]
[PlyCount "100"]
[EventDate "2012.03.??"]
[EventType "swiss"]
[EventRounds "9"]
[EventCountry "GER"]
[SourceDate "2013.02.18"]
[WhiteTeam "München Tarrasch SC"]
[BlackTeam "Plauen König SK"]

1. d4 Nf6 2. c4 e6 3. Nc3 Bb4 4. Qc2 d5 5. cxd5 Qxd5 6. Nf3 Qf5 7. Qxf5 exf5 8.
Bd2 c6 9. e3 Nbd7 10. Bd3 Nb6 11. O-O O-O 12. a3 Bd6 13. b4 Nbd5 14. Rfc1 Be6
15. Nxd5 Nxd5 16. Ne5 Nb6 17. f4 Bxe5 18. fxe5 f6 19. exf6 Rxf6 20. a4 Bd5 21.
b5 Be4 22. Bxe4 fxe4 23. a5 Nd5 24. bxc6 Rxc6 25. Rxc6 bxc6 26. Rb1 a6 27. Kf2
Ra7 28. Ke2 Kf7 29. Rb8 Ke7 30. Be1 h6 31. Bg3 Nf6 32. Bh4 Ke6 33. Bxf6 gxf6
34. Kd2 Rg7 35. g3 Rg5 36. Rb6 Rxa5 37. Rxc6+ Ke7 38. Kc3 Ra3+ 39. Kc4 Rxe3 40.
Rxa6 Re1 41. Kd5 Kf7 42. Ra7+ Kg6 43. Ke6 Rd1 44. Ra4 e3 45. d5 e2 46. Rg4+ Kh5
47. Re4 e1=Q 48. Rxe1 Rxe1+ 49. Kxf6 Rd1 50. Ke6 Kg4 0-1

[Event "Bad Wörishofen op 2012 28th"]
[Site "Bad Wörishofen (2.3.-10.3)"]
[Date "2012.03.03"]
[Round "2.28"]
[White "Baeuml, Ulrich"]
[Black "Schaefer, Michael(59)"]
[Result "1/2-1/2"]
[WhiteElo "2044"]
[BlackElo "2135"]
[PlyCount "37"]
[EventDate "2012.03.??"]
[EventType "swiss"]
[EventRounds "9"]
[EventCountry "GER"]
[SourceDate "2013.02.18"]
[WhiteTeam "Dillingen SC"]
[BlackTeam "Mörlenbach-Birkenau FB"]

1. Nf3 Nf6 2. d4 d5 3. e3 g6 4. Bd3 Bg7 5. Nbd2 O-O 6. O-O Nbd7 7. b3 b6 8. Bb2
Bb7 9. Qe2 c5 10. Ba6 Qc8 11. Bxb7 Qxb7 12. c4 e6 13. Rac1 Rac8 14. cxd5 exd5
15. dxc5 bxc5 16. Ne5 Rfe8 17. Nxd7 Nxd7 18. Bxg7 Kxg7 19. Nf3 1/2-1/2

[Event "Bad Wörishofen op 2012 28th"]
[Site "Bad Wörishofen (2.3.-10.3)"]
[Date "2012.03.03"]
[Round "2.29"]
[White "Gaerths, Ronny"]
[Black "Billio, Atto"]
[Result "1-0"]
[WhiteElo "2184"]
[BlackElo "2126"]
[PlyCount "117"]
[EventDate "2012.03.??"]
[EventType "swiss"]
[EventRounds "9"]
[EventCountry "GER"]
[SourceDate "2013.02.18"]
[WhiteTeam "Kreuzberg SC"]
[BlackTeam "ITA/Italien"]
[BlackTeamCountry "ITA"]

1. d4 f5 2. Nc3 d5 3. Bg5 g6 4. e3 Bg7 5. Nf3 Nf6 6. Bd3 Ne4 7. Bf4 c6 8. Be5
Nxc3 9. bxc3 Bxe5 10. Nxe5 Qa5 11. Kd2 Nd7 12. Nxd7 Bxd7 13. Qf3 Qc7 14. Qf4
O-O-O 15. a4 Rhe8 16. Qxc7+ Kxc7 17. f4 Rf8 18. a5 Be6 19. Rhb1 Ra8 20. Rb4 b5
21. axb6+ axb6 22. Rbb1 b5 23. Be2 Kb7 24. Rxa8 Rxa8 25. Rg1 Bf7 26. g4 e6 27.
Bd3 Rg8 28. Rg3 Kc7 29. Be2 Kd8 30. Rh3 Rg7 31. g5 Bg8 32. Kc1 Ke7 33. Rh6 Kd6
34. h4 c5 35. dxc5+ Kxc5 36. h5 b4 37. Kd2 bxc3+ 38. Kxc3 gxh5 39. Bxh5 Kd6 40.
Rf6 Rc7+ 41. Kd2 Ke7 42. Rh6 Kf8 43. Be2 Ke7 44. Bd3 Kf8 45. Kc1 Rb7 46. Rh1
Kg7 47. Kd2 Rc7 48. Ra1 Kf8 49. Ra4 Kg7 50. Ra6 Kf8 51. Rb6 Ke7 52. Bb5 Kf7 53.
Kd3 Ke7 54. Kd4 Rxc2 55. Rb7+ Kf8 56. Ke5 Rc8 57. Kf6 Ra8 58. Bd7 Bf7 59. Rc7
1-0

[Event "Bad Wörishofen op 2012 28th"]
[Site "Bad Wörishofen (2.3.-10.3)"]
[Date "2012.03.03"]
[Round "2.30"]
[White "Hoeller, Armin"]
[Black "Kauch, Markus"]
[Result "1/2-1/2"]
[WhiteElo "2033"]
[BlackElo "2127"]
[PlyCount "82"]
[EventDate "2012.03.??"]
[EventType "swiss"]
[EventRounds "9"]
[EventCountry "GER"]
[SourceDate "2013.02.18"]
[WhiteTeam "Bad Aibling SK"]
[BlackTeam "SUI/Stäfa SC (Dotzheim TuS)"]
[BlackTeamCountry "SUI"]

1. e4 d6 2. d4 Nf6 3. Nc3 c6 4. Bd3 e5 5. Nge2 Qb6 6. d5 Be7 7. O-O O-O 8. Kh1
cxd5 9. Nxd5 Nxd5 10. exd5 f5 11. Be3 Qxb2 12. f4 e4 13. Bc4 Kh8 14. Rb1 Qf6
15. Nd4 Na6 16. Bxa6 bxa6 17. Nc6 Qf7 18. c4 Bf6 19. Qb3 h6 20. Qa3 Qd7 21.
Rfd1 g5 22. c5 dxc5 23. Ne5 Qg7 24. Qxc5 Rg8 25. g3 gxf4 26. Bxf4 Bxe5 27. Bxe5
Qxe5 28. Qc6 Qg7 29. Qxa8 f4 30. Rb8 Qc3 31. Rb3 Qc2 32. Rg1 e3 33. Qc6 Qe4+
34. Rg2 Kh7 35. Qc7+ Rg7 36. Qxf4 Qxd5 37. Qxe3 Bb7 38. Rxb7 Qxb7 39. Qd3+ Kg8
40. Qd8+ Kh7 41. Qd3+ Kg8 1/2-1/2

[Event "Bad Wörishofen op 2012 28th"]
[Site "Bad Wörishofen (2.3.-10.3)"]
[Date "2012.03.03"]
[Round "2.31"]
[White "Guttenthaler, Franz"]
[Black "Remensberger, Paul"]
[Result "0-1"]
[WhiteElo "2153"]
[BlackElo "2122"]
[PlyCount "110"]
[EventDate "2012.03.??"]
[EventType "swiss"]
[EventRounds "9"]
[EventCountry "GER"]
[SourceDate "2013.02.18"]
[WhiteTeam "Germering SK"]
[BlackTeam "SUI/Schweiz"]
[BlackTeamCountry "SUI"]

1. d4 e6 2. c4 Nf6 3. Nf3 Bb4+ 4. Bd2 c5 5. Bxb4 cxb4 6. g3 O-O 7. Bg2 d6 8.
O-O Nc6 9. a3 bxa3 10. Rxa3 e5 11. Nc3 Bg4 12. d5 Bxf3 13. Bxf3 Nb4 14. e4 Nd7
15. Bg4 Nc5 16. Qe2 Qb6 17. Kh1 Nba6 18. Nb5 Nc7 19. Nxc7 Qxc7 20. b4 Na6 21.
Rb3 Qe7 22. h4 g6 23. Rc1 f5 24. exf5 gxf5 25. Bxf5 Kh8 26. Qh5 Rf7 27. f3 Raf8
28. Be4 Rg7 29. Kh2 Nc7 30. Qh6 Rfg8 31. Rg1 Qd8 32. Rd3 b6 33. g4 Ne8 34. g5
Qe7 35. Rg4 Rg6 36. Bxg6 Rxg6 37. Rd2 Rxh6 38. gxh6 Qf8 39. Rdg2 Qf7 40. b5 Qf8
41. Kg1 Qf7 42. Rg5 Qf8 43. Rg7 Nxg7 44. hxg7+ Qxg7 45. Rxg7 Kxg7 46. Kf2 Kf6
47. Kg2 Kf5 48. Kg3 h6 49. Kf2 Kf4 50. Kg2 e4 51. fxe4 Kxe4 52. Kg3 h5 53. Kg2
Kd4 54. Kf3 Kxc4 55. Kf4 Kxb5 0-1

[Event "Bad Wörishofen op 2012 28th"]
[Site "Bad Wörishofen (2.3.-10.3)"]
[Date "2012.03.03"]
[Round "2.32"]
[White "Babar, Michael"]
[Black "Koelbl, Wolfgang"]
[Result "1-0"]
[WhiteElo "2161"]
[BlackElo "1896"]
[PlyCount "81"]
[EventDate "2012.03.??"]
[EventType "swiss"]
[EventRounds "9"]
[EventCountry "GER"]
[SourceDate "2013.02.18"]
[WhiteTeam "Dortmund Hansa SC"]
[BlackTeam "Klosterlechfeld SK"]

1. c4 c6 2. Nf3 d6 3. d4 Bg4 4. e3 Nd7 5. h3 Bxf3 6. Qxf3 e5 7. Nc3 Ngf6 8. g4
h6 9. Bd2 Be7 10. O-O-O Qc7 11. Kb1 a6 12. Rg1 O-O-O 13. Rc1 Rde8 14. Nd5 Qd8
15. Nxe7+ Rxe7 16. Bg2 Qc7 17. Qd1 Rhe8 18. Qa4 Kb8 19. Ba5 Qc8 20. Rgd1 e4 21.
Bc3 d5 22. Bb4 Re6 23. Qa3 Nb6 24. Bd6+ Ka8 25. b3 Qd7 26. Bg3 h5 27. g5 Nh7
28. h4 f6 29. Bh3 fxg5 30. Bxe6 Qxe6 31. hxg5 Nxg5 32. Qa5 Ka7 33. Bc7 Nc8 34.
cxd5 cxd5 35. Be5 Nf7 36. Bg3 g5 37. Rc7 h4 38. Bh2 Ncd6 39. Qc5+ Kb8 40. Rc1
Qh3 41. Rc8+ 1-0

[Event "Bad Wörishofen op 2012 28th"]
[Site "Bad Wörishofen (2.3.-10.3)"]
[Date "2012.03.03"]
[Round "2.33"]
[White "Marian, Hartmut"]
[Black "Lampert, Jonas"]
[Result "0-1"]
[WhiteElo "1966"]
[BlackElo "2216"]
[PlyCount "82"]
[EventDate "2012.03.??"]
[EventType "swiss"]
[EventRounds "9"]
[EventCountry "GER"]
[SourceDate "2013.02.18"]
[WhiteTeam "Germering SK"]
[BlackTeam "Hamburger SK"]

1. d4 d5 2. Nf3 Nf6 3. Bf4 c5 4. e3 Nc6 5. c3 Qb6 6. Qb3 c4 7. Qc2 Bf5 8. Qc1
Nh5 9. Nbd2 Nxf4 10. exf4 Qc7 11. g3 h6 12. h4 e6 13. Be2 Bd6 14. Nf1 Be4 15.
N1d2 Bf5 16. Nf1 O-O-O 17. h5 f6 18. Nh4 Be4 19. f3 Bh7 20. Ne3 Qf7 21. Kf2
Qxh5 22. b3 cxb3 23. c4 dxc4 24. Bxc4 Qe8 25. axb3 Kb8 26. Bb5 g5 27. Nhg2 Qf8
28. Qc4 Rc8 29. Qa4 a6 30. Bxa6 bxa6 31. Qxa6 Qe7 32. Nc4 Bb4 33. Nb6 Rcd8 34.
Rhc1 Na7 35. Rc4 Rxd4 36. Nc8 Rxc8 37. Rxc8+ Nxc8 38. Qa8+ Kc7 39. Rc1+ Bc5 40.
Qa5+ Kc6 41. b4 Rc4+ 0-1

[Event "Bad Wörishofen op 2012 28th"]
[Site "Bad Wörishofen (2.3.-10.3)"]
[Date "2012.03.03"]
[Round "2.34"]
[White "Mader, Manuela"]
[Black "Sonnhalter, Stella"]
[Result "0-1"]
[WhiteElo "2156"]
[BlackElo "1889"]
[PlyCount "80"]
[EventDate "2012.03.??"]
[EventType "swiss"]
[EventRounds "9"]
[EventCountry "GER"]
[SourceDate "2013.02.18"]
[WhiteTeam "Ettlingen SK"]
[BlackTeam "Heusweiler Reti SC"]

1. d4 Nf6 2. c4 e6 3. Nf3 b6 4. g3 Ba6 5. Qc2 Bb7 6. Bg2 Be4 7. Qd1 c5 8. d5
exd5 9. Nc3 Nc6 10. cxd5 Bxf3 11. Bxf3 Nd4 12. d6 Bxd6 13. Bxa8 Qxa8 14. O-O h5
15. h4 O-O 16. Be3 Nf5 17. Qd3 Nxe3 18. Qxe3 Re8 19. Qd3 Be5 20. Rad1 Qb8 21.
Qf3 Bxc3 22. bxc3 Qe5 23. Rfe1 d5 24. Qd3 Ne4 25. Rc1 Re6 26. f4 Qd6 27. Rf1
Nxg3 28. Qxg3 Rg6 29. Qxg6 Qxg6+ 30. Kf2 Qg4 31. Ke3 Qxh4 32. Rcd1 Qe7+ 33. Kf2
Qe4 34. Ke1 Qc2 35. Rf3 Qxa2 36. Rfd3 Qc4 37. Rxd5 Qxf4 38. Rxh5 g6 39. Rd8+
Kg7 40. Rhd5 Qc1+ 0-1

[Event "Bad Wörishofen op 2012 28th"]
[Site "Bad Wörishofen (2.3.-10.3)"]
[Date "2012.03.03"]
[Round "2.36"]
[White "Leiber, Bernard"]
[Black "Wilke, Oliver"]
[Result "1-0"]
[WhiteElo "2119"]
[BlackElo "1729"]
[PlyCount "55"]
[EventDate "2012.03.??"]
[EventType "swiss"]
[EventRounds "9"]
[EventCountry "GER"]
[SourceDate "2013.02.18"]
[WhiteTeam "Osnabrück SV"]
[BlackTeam "Mörlenbach-Birkenau FB"]

1. Nf3 Nf6 2. g3 e6 3. Bg2 c5 4. d3 Nc6 5. e4 b6 6. O-O Bb7 7. Nbd2 d6 8. b3
Be7 9. Bb2 O-O 10. a4 a6 11. Nc4 b5 12. axb5 axb5 13. Ne3 Qb6 14. Nd2 Nb4 15.
Qe2 Nd7 16. Nf3 Bf6 17. c3 Na2 18. Qc2 g6 19. d4 Rfc8 20. d5 Ra5 21. c4 Nb4 22.
Qd2 Bxb2 23. Qxb2 Rca8 24. dxe6 fxe6 25. Bh3 Nf8 26. Rxa5 Rxa5 27. Qf6 Bc8 28.
Ng4 1-0

[Event "Bad Wörishofen op 2012 28th"]
[Site "Bad Wörishofen (2.3.-10.3)"]
[Date "2012.03.03"]
[Round "2.37"]
[White "Mattes, Heinz Dr"]
[Black "Espig, Lutz"]
[Result "0-1"]
[WhiteElo "1948"]
[BlackElo "2271"]
[PlyCount "82"]
[EventDate "2012.03.??"]
[EventType "swiss"]
[EventRounds "9"]
[EventCountry "GER"]
[SourceDate "2013.02.18"]
[WhiteTeam "München Siemens SK"]
[BlackTeam "Plauen König SK"]

1. d4 Nf6 2. Nf3 d6 3. c4 g6 4. Nc3 Nbd7 5. e4 e5 6. d5 Bg7 7. Be2 O-O 8. O-O
Nc5 9. Nd2 a5 10. b3 c6 11. Rb1 Bh6 12. Re1 cxd5 13. Nxd5 Nxd5 14. cxd5 Bxd2
15. Qxd2 Nxe4 16. Qe3 Nf6 17. Qh6 Nxd5 18. Bg5 f6 19. Bh4 Be6 20. Bf3 Ne7 21.
Qd2 Nf5 22. Bg4 Qd7 23. Bxf5 Bxf5 24. Rbd1 Ra6 25. f3 Kg7 26. Bf2 Rc8 27. g4
Rc2 28. Qd5 Be6 29. Qd3 Rxa2 30. g5 fxg5 31. Qb1 Ra3 32. Rxe5 Rxb3 33. Qa1 Kf7
34. Rxg5 Qd8 35. Rg3 Qf6 36. Bd4 Qf5 37. Bh8 Ke8 38. Qa4+ Ke7 39. Qd4 Rab6 40.
Qh4+ Ke8 41. Kg2 Qc2+ 0-1

[Event "Bad Wörishofen op 2012 28th"]
[Site "Bad Wörishofen (2.3.-10.3)"]
[Date "2012.03.03"]
[Round "2.38"]
[White "Calzetta Ruiz, Monica"]
[Black "Klein, Reinhard"]
[Result "1-0"]
[WhiteElo "2294"]
[BlackElo "1752"]
[PlyCount "49"]
[EventDate "2012.03.??"]
[EventType "swiss"]
[EventRounds "9"]
[EventCountry "GER"]
[SourceDate "2013.02.18"]
[WhiteTeam "Kiel Doppelbauer SK"]
[BlackTeam "München RTA"]

1. e4 c5 2. Nc3 e6 3. Nf3 a6 4. d4 cxd4 5. Nxd4 Qc7 6. Bd3 Nf6 7. Qe2 Bb4 8.
Bd2 Nc6 9. Nxc6 bxc6 10. O-O Bd6 11. f4 e5 12. Kh1 exf4 13. e5 Bxe5 14. Bxf4 d6
15. Bxe5 dxe5 16. Rae1 Bg4 17. Qxe5+ Qxe5 18. Rxe5+ Kd8 19. Rg5 h5 20. Rxg7 Ke7
21. Bc4 Be6 22. Bxe6 Kxe6 23. Re1+ Kd6 24. Rxf7 Raf8 25. Rxf6+ 1-0

[Event "Bad Wörishofen op 2012 28th"]
[Site "Bad Wörishofen (2.3.-10.3)"]
[Date "2012.03.03"]
[Round "2.39"]
[White "Spanton, Tim R"]
[Black "Glantz, Robert"]
[Result "0-1"]
[WhiteElo "1961"]
[BlackElo "2248"]
[PlyCount "90"]
[EventDate "2012.03.??"]
[EventType "swiss"]
[EventRounds "9"]
[EventCountry "GER"]
[SourceDate "2013.02.18"]
[WhiteTeam "ENG/England"]
[BlackTeam "Berlin 1903 Sfrd."]
[WhiteTeamCountry "ENG"]

1. d4 Nf6 2. Nc3 d5 3. Bg5 g6 4. Qd2 Bg7 5. Bh6 O-O 6. h4 Bxh6 7. Qxh6 Nc6 8.
Nf3 Bf5 9. O-O-O Ng4 10. Qf4 Qd6 11. Qxd6 exd6 12. Rd2 Nxf2 13. Rg1 Ne7 14. e3
Ng4 15. Re2 Kg7 16. e4 dxe4 17. Nxe4 Nd5 18. Ng3 Bd7 19. c4 Nde3 20. Re1 Rfe8
21. Bd3 f5 22. Re2 f4 23. Nf1 Bf5 24. Kd2 Bxd3 25. Kxd3 Nf5 26. g3 Rxe2 27.
Kxe2 Re8+ 28. Kd2 fxg3 29. Nxg3 Nxg3 30. Rxg3 Ne3 31. Kd3 Nf1 32. Rh3 Re3+ 33.
Kc2 Kf6 34. Ng5 Rxh3 35. Nxh3 Ne3+ 36. Kd3 Ng2 37. Ng5 Nxh4 38. Nxh7+ Kf5 39.
Ke3 g5 40. b4 g4 41. Kf2 Ke4 42. Kg3 Nf5+ 43. Kxg4 Ne3+ 44. Kg3 Kxd4 45. Nf6
Kxc4 0-1

[Event "Bad Wörishofen op 2012 28th"]
[Site "Bad Wörishofen (2.3.-10.3)"]
[Date "2012.03.03"]
[Round "2.40"]
[White "Frei, Markus"]
[Black "Tennstedt, Andreas Dr"]
[Result "0-1"]
[WhiteElo "1900"]
[BlackElo "2106"]
[PlyCount "74"]
[EventDate "2012.03.??"]
[EventType "swiss"]
[EventRounds "9"]
[EventCountry "GER"]
[SourceDate "2013.02.18"]
[WhiteTeam "Mörlenbach-Birkenau FB"]
[BlackTeam "Griesheim(DA) SV"]

1. e4 g6 2. d4 c6 3. Nc3 d5 4. f3 Bg7 5. Be3 Qb6 6. Qd2 Qxb2 7. Rb1 Qa3 8. exd5
Nf6 9. dxc6 bxc6 10. Bc4 Ba6 11. Qd3 Bxc4 12. Qxc4 O-O 13. Rb3 Qa6 14. Qxa6
Nxa6 15. Nge2 Nc7 16. Kf2 Ncd5 17. Nxd5 Nxd5 18. c4 Nb6 19. c5 Nd5 20. Rhb1
Rfd8 21. Rb7 Kf8 22. R1b3 Ke8 23. Ke1 Rd7 24. Rxd7 Kxd7 25. Kd2 Kc8 26. Nc3 Rb8
27. Rxb8+ Kxb8 28. Nxd5 cxd5 29. Kc3 Kb7 30. Kb4 Kc6 31. h3 e5 32. Kc3 exd4+
33. Bxd4 Bxd4+ 34. Kxd4 g5 35. g3 h5 36. f4 gxf4 37. g4 hxg4 0-1

[Event "Bad Wörishofen op 2012 28th"]
[Site "Bad Wörishofen (2.3.-10.3)"]
[Date "2012.03.03"]
[Round "2.41"]
[White "Roth, Martin(66)"]
[Black "Sibler, Sebastian"]
[Result "1/2-1/2"]
[WhiteElo "2070"]
[BlackElo "1895"]
[PlyCount "54"]
[EventDate "2012.03.??"]
[EventType "swiss"]
[EventRounds "9"]
[EventCountry "GER"]
[SourceDate "2013.02.18"]
[WhiteTeam "Laupheim SC"]
[BlackTeam "Mülheim-Nord SV"]

1. e4 d5 2. exd5 Qxd5 3. Nc3 Qd6 4. d4 Nf6 5. Nf3 c6 6. Ne5 Nbd7 7. Bf4 Nd5 8.
Nxd5 Qxd5 9. Qd3 Nxe5 10. dxe5 Be6 11. Qxd5 Bxd5 12. c4 Be6 13. O-O-O g6 14.
Be2 Bg7 15. h4 h6 16. Rd2 O-O 17. Rhd1 Rfc8 18. Kb1 Kf8 19. Be3 Ke8 20. f4 Bf5+
21. Kc1 h5 22. b3 Rc7 23. Bxa7 f6 24. Bb6 Rd7 25. exf6 Rxd2 26. Rxd2 Bxf6 27.
a4 Bxh4 1/2-1/2

[Event "Bad Wörishofen op 2012 28th"]
[Site "Bad Wörishofen (2.3.-10.3)"]
[Date "2012.03.03"]
[Round "2.42"]
[White "Astengo, Corrado"]
[Black "Walda, Michael"]
[Result "1/2-1/2"]
[WhiteElo "2098"]
[BlackElo "1831"]
[PlyCount "36"]
[EventDate "2012.03.??"]
[EventType "swiss"]
[EventRounds "9"]
[EventCountry "GER"]
[SourceDate "2013.02.18"]
[WhiteTeam "ITA/Italien Milanese"]
[BlackTeam "Niederräder TG"]
[WhiteTeamCountry "ITA"]

1. e4 d5 2. exd5 Qxd5 3. Nc3 Qa5 4. d4 Nf6 5. Nf3 Bf5 6. Bc4 c6 7. Bd2 Qb6 8.
Bb3 e6 9. Qe2 Nbd7 10. h3 h6 11. O-O-O Bb4 12. g4 Bg6 13. Ne5 Nxe5 14. dxe5 Nd5
15. Nxd5 cxd5 16. Ba4+ Ke7 17. Be3 Bc5 18. Bxc5+ Qxc5 1/2-1/2

[Event "Bad Wörishofen op 2012 28th"]
[Site "Bad Wörishofen (2.3.-10.3)"]
[Date "2012.03.03"]
[Round "2.43"]
[White "Ditmas, Hugh"]
[Black "Schiffer, Steve"]
[Result "1/2-1/2"]
[WhiteElo "1883"]
[BlackElo "1990"]
[PlyCount "60"]
[EventDate "2012.03.??"]
[EventType "swiss"]
[EventRounds "9"]
[EventCountry "GER"]
[SourceDate "2013.02.18"]
[WhiteTeam "Bremer 1877 SG"]
[BlackTeam "Darmstadt Schachforum SV"]

1. d4 g6 2. c4 Bg7 3. e4 d6 4. Nc3 Nf6 5. Be2 c6 6. Nf3 O-O 7. O-O Qc7 8. Be3
e5 9. d5 c5 10. Ne1 Ne8 11. f3 f5 12. g4 fxg4 13. fxg4 Rxf1+ 14. Kxf1 Qf7+ 15.
Kg1 Nd7 16. g5 Bf8 17. Nd3 Nb6 18. b3 Bd7 19. Bg4 Ng7 20. Qe2 Bxg4 21. Qxg4 Qd7
22. Qxd7 Nxd7 23. a3 Be7 24. h4 Nh5 25. Rf1 a6 26. Kg2 Rb8 27. a4 h6 28. Kh2
hxg5 29. hxg5 Rf8 30. Rxf8+ Kxf8 1/2-1/2

[Event "Bad Wörishofen op 2012 28th"]
[Site "Bad Wörishofen (2.3.-10.3)"]
[Date "2012.03.03"]
[Round "2.44"]
[White "Wieczorek(vm.Bruder), Heinz"]
[Black "De Andres Gonalons, Fernando"]
[Result "1/2-1/2"]
[WhiteElo "1702"]
[BlackElo "2012"]
[PlyCount "63"]
[EventDate "2012.03.??"]
[EventType "swiss"]
[EventRounds "9"]
[EventCountry "GER"]
[SourceDate "2013.02.18"]
[WhiteTeam "Nürnberg Süd SW"]
[BlackTeam "ESP/Spanien"]
[BlackTeamCountry "ESP"]

1. e4 e6 2. d4 d5 3. Nd2 dxe4 4. Nxe4 Nd7 5. Nf3 Be7 6. Bc4 Ngf6 7. Ng3 O-O 8.
O-O c5 9. dxc5 Nxc5 10. Be3 Qc7 11. Qe2 Bd7 12. Rad1 Bc6 13. Rd2 a6 14. Re1 b5
15. Bxc5 Bxc5 16. Bb3 Bxf3 17. Qxf3 Rad8 18. Red1 Rxd2 19. Rxd2 Qe5 20. c3 Qe1+
21. Nf1 Qe5 22. Qd3 h6 23. Bc2 a5 24. Re2 Qb8 25. Rd2 b4 26. Ng3 g6 27. Ne4
Nxe4 28. Qxe4 bxc3 29. bxc3 Rd8 30. Rxd8+ Qxd8 31. Qd3 Qf6 32. Qf3 1/2-1/2

[Event "Bad Wörishofen op 2012 28th"]
[Site "Bad Wörishofen (2.3.-10.3)"]
[Date "2012.03.03"]
[Round "2.45"]
[White "Funke, Joerg-Dietmar"]
[Black "Stull, Norbert"]
[Result "0-1"]
[WhiteElo "1729"]
[BlackElo "1912"]
[PlyCount "70"]
[EventDate "2012.03.??"]
[EventType "swiss"]
[EventRounds "9"]
[EventCountry "GER"]
[SourceDate "2013.02.18"]
[WhiteTeam "Naunhof SC"]
[BlackTeam "FRA/Frankreich Differdange"]
[BlackTeamCountry "FRA"]

1. e4 c5 2. Nc3 Nc6 3. g3 g6 4. Bg2 Bg7 5. d3 e6 6. Nge2 Nge7 7. O-O O-O 8. f4
d6 9. g4 f5 10. Ng3 Nd4 11. h3 Nec6 12. Nce2 fxg4 13. c3 Nxe2+ 14. Qxe2 gxh3
15. Bxh3 Bd7 16. Be3 Qe7 17. Qh2 Rf7 18. Rf2 Raf8 19. Raf1 b5 20. a3 a5 21. Bd2
b4 22. axb4 axb4 23. f5 bxc3 24. bxc3 Be5 25. fxg6 hxg6 26. Rxf7 Rxf7 27. Qg2
Rxf1+ 28. Nxf1 Qf6 29. Ne3 Ne7 30. Nc4 Bxc3 31. Nxd6 Bxd2 32. Qxd2 Qd4+ 33. Kg2
Qxd6 34. Qg5 Kg7 35. Bg4 Nc6 0-1

[Event "Bad Wörishofen op 2012 28th"]
[Site "Bad Wörishofen (2.3.-10.3)"]
[Date "2012.03.03"]
[Round "2.46"]
[White "Klaus, Daniel(64)"]
[Black "Dietsche, Birgit"]
[Result "1-0"]
[WhiteElo "1894"]
[BlackElo "1305"]
[PlyCount "47"]
[EventDate "2012.03.??"]
[EventType "swiss"]
[EventRounds "9"]
[EventCountry "GER"]
[SourceDate "2013.02.18"]
[WhiteTeam "Möglingen SF"]
[BlackTeam "DBSB (Blindenschachbund)"]

1. e4 e5 2. Nf3 Nf6 3. Nxe5 d6 4. Nf3 Nxe4 5. Nc3 Nxc3 6. dxc3 Nd7 7. Bd3 Nf6
8. Be3 Bg4 9. Be2 Be7 10. Qd2 O-O 11. O-O-O c6 12. Nd4 Bxe2 13. Qxe2 Qa5 14.
Kb1 Ne4 15. f3 Nxc3+ 16. bxc3 Qxc3 17. Qd3 Qb4+ 18. Qb3 a5 19. Nf5 Rfe8 20.
Rhe1 Qxb3+ 21. axb3 a4 22. Nxe7+ Rxe7 23. Bb6 Re6 24. Rxe6 1-0

[Event "Bad Wörishofen op 2012 28th"]
[Site "Bad Wörishofen (2.3.-10.3)"]
[Date "2012.03.03"]
[Round "2.47"]
[White "Ries, Berthold"]
[Black "Stoll, Katja"]
[Result "1-0"]
[WhiteElo "1833"]
[BlackElo "1711"]
[PlyCount "81"]
[EventDate "2012.03.??"]
[EventType "swiss"]
[EventRounds "9"]
[EventCountry "GER"]
[SourceDate "2013.02.18"]
[WhiteTeam "Ebersberg"]
[BlackTeam "Ulm Weisse Dame SC"]

1. e4 e6 2. d4 d5 3. Nd2 c5 4. Ngf3 Nc6 5. exd5 exd5 6. dxc5 Bxc5 7. Nb3 Bb6 8.
Bd3 h6 9. O-O Nf6 10. Re1+ Ne7 11. Qe2 Be6 12. Nbd4 Bg4 13. Nf5 Bxf5 14. Bxf5
g6 15. Qe5 gxf5 16. Qxf6 Rh7 17. Bxh6 Rxh6 18. Qxh6 Kd7 19. Ne5+ Kc7 20. Nxf7
Qd7 21. Qf4+ Kc8 22. Qe5 Ng6 23. Qe8+ Kc7 24. Qxd7+ Kxd7 25. Ne5+ Nxe5 26. Rxe5
Rc8 27. Rxd5+ Ke6 28. Rd2 Ba5 29. Re1+ Kf6 30. c3 Rc7 31. Rd6+ Kg5 32. Re8 Rg7
33. Rd5 Bc7 34. Rf8 Rh7 35. Rdxf5+ Kg6 36. R5f6+ Kg5 37. f4+ Kh5 38. Rf5+ Kh4
39. h3 Bb6+ 40. Kh2 Bf2 41. Rg5 1-0

[Event "Bad Wörishofen op 2012 28th"]
[Site "Bad Wörishofen (2.3.-10.3)"]
[Date "2012.03.03"]
[Round "2.48"]
[White "Puetz, Peter(51)"]
[Black "Neumann, Joachim(43)"]
[Result "0-1"]
[WhiteElo "1437"]
[BlackElo "2015"]
[PlyCount "64"]
[EventDate "2012.03.??"]
[EventType "swiss"]
[EventRounds "9"]
[EventCountry "GER"]
[SourceDate "2013.02.18"]
[WhiteTeam "Hennef SV"]
[BlackTeam "Neumünster Agon SC"]

1. c4 Nf6 2. Nc3 g6 3. Nf3 Bg7 4. e4 d6 5. Be2 e5 6. d3 O-O 7. b4 Nc6 8. b5 Nd4
9. a4 a6 10. Bd2 axb5 11. Nxd4 exd4 12. Nxb5 Ne8 13. a5 c6 14. Na3 Nc7 15. Nc2
d5 16. cxd5 cxd5 17. e5 Nb5 18. f4 Nc3 19. Bxc3 dxc3 20. a6 d4 21. a7 f6 22.
exf6 Qxf6 23. O-O Qb6 24. Qb1 Rf6 25. Bf3 Bf8 26. Re1 Bc5 27. Re8+ Rf8 28. Bd5+
Kg7 29. Qxb6 Bxb6 30. Re7+ Kf6 31. Rxb7 Bxb7 32. Bxb7 Rxa7 0-1